[Event "52nd Biel Festival Blitz 2019"]
[Site "Biel"]
[Date "2019.07.27"]
[Round "1.1"]
[White "Bogner, Sebastian"]
[Black "Shankland, Sam"]
[Result "0-1"]
[WhiteElo "2584"]
[BlackElo "2713"]
[Annotator "TA"]
[PlyCount "68"]
[EventDate "2019.07.27"]
[EventType "tourn"]
[EventCountry "SUI"]
[SourceTitle "playchess.com"]
[Source "ChessBase"]
[SourceQuality "1"]

{[%evp 16,68,18,12,18,6,8,8,16,-15,-19,-14,-19,-224,-230,-222,-221,-231,-224,-224,-216,-218,-218,-221,-201,-201,-201,-201,-202,-231,-180,-185,-172,-196,-187,-213,-193,-234,-234,-234,-222,-234,-223,-414,-406,-494,-525,-522,-521,-500,-502,-493,-471,-1216,-1140]} 1. Nf3 d5 2. d4 Nf6 3. e3 Bf5 4. c4 c6 5. Nc3 e6 6. Bd3 Bxd3 7. Qxd3 Bb4 8. O-O O-O 9. Bd2 Ba5 {D12: Slav Defence: 3 Nf3 Nf6 4 e3 Bf5} 10. a3 Nbd7 {[%cal Bb8d7,Bd7b6,Bb6c4,Bc4b2,Bb2d1][%mdl 32]} 11. b4 (11. Rfe1 h6 12. Rad1 a6 13. b4 Bc7 14. e4 Nb6 15. c5 dxe4 16. Nxe4 Nbd5 17. Ng3 {0-1 (81) Nenezic,M (2495)-Mamedov,R (2699) Batumi 2018}) 11... Bc7 {The position is equal.} 12. Rfd1 $146 ({Predecessor:} 12. e4 dxc4 13. Qxc4 e5 14. Bg5 h6 15. Bxf6 Qxf6 16. d5 Nb6 17. Qb3 cxd5 18. Nxd5 Nxd5 19. Qxd5 {½-½ (36) Zubarev,A (2515)-Ivanov,A (2398) Obninsk 2007}) 12... Nb6 13. c5 Nc4 {White should prevent ...Nb2.} 14. e4 $2 (14. Qc2 $11) 14... Nb2 $19 {[%mdl 64] Double Attack} 15. Qc2 Nxd1 16. Rxd1 Nxe4 17. Nxe4 dxe4 18. Qxe4 Qd5 19. Qc2 Rad8 20. Re1 Rfe8 21. Bc3 h6 22. a4 a6 23. a5 Qf5 24. Qe2 Rd5 25. g3 Bd8 26. Kg2 Bf6 27. h3 Red8 28. Qe3 h5 29. Re2 $2 (29. h4 {keeps fighting.}) 29... g5 30. Rd2 g4 {Black is clearly winning.} 31. hxg4 hxg4 32. Nh4 Bxh4 33. gxh4 {[#]} e5 $1 34. dxe5 {[#]} (34. Qd3 $142 Qh5 35. Rd1) 34... Qf3+ $1 {[%mdl 512] Accuracy: White = 37%, Black = 71%.} 0-1

[Event "52nd Biel Festival Blitz 2019"]
[Site "Biel"]
[Date "2019.07.27"]
[Round "1.2"]
[White "Cori, Jorge"]
[Black "Leko, Peter"]
[Result "1/2-1/2"]
[WhiteElo "2686"]
[BlackElo "2674"]
[Annotator "TA"]
[PlyCount "129"]
[EventDate "2019.07.27"]
[EventType "tourn"]
[EventCountry "SUI"]
[SourceTitle "playchess.com"]
[Source "ChessBase"]
[SourceQuality "1"]

{[%evp 17,129,0,0,0,20,12,17,17,21,10,17,15,24,14,23,21,30,20,23,16,23,8,15,7,14,17,8,0,21,0,25,18,43,35,45,8,52,16,28,20,22,0,1,-9,0,-26,-12,-27,0,0,0,0,0,-13,3,3,3,3,3,3,29,28,32,0,0,0,0,0,0,0,0,0,0,-80,0,0,0,0,0,0,0,0,0,0,0,0,0,0,0,0,5,11,27,0,0,0,0,0,0,23,59,0,0,0,0,0,0,0,0,0,0,0,0,0]} 1. d4 Nf6 2. Nf3 e6 3. c4 d5 4. e3 b6 5. Nc3 Bd6 6. Bd3 Bb7 7. O-O O-O 8. b3 Nbd7 9. Bb2 a6 10. Re1 {E14: Queen's Indian: Classical Variation (4 e3)} (10. Rc1 Qe7 11. cxd5 exd5 12. Ne2 Ne4 13. Qc2 Rac8 14. Ng3 g6 15. Qe2 h5 16. Ne5 Nxe5 17. dxe5 Bxe5 18. Bxe5 Qxe5 19. Nxe4 dxe4 20. Bxa6 Bxa6 21. Qxa6 {½-½ (57) Harikrishna,P (2732)-Navara,D (2727) Prague 2018}) 10... Re8 (10... Ne4 {feels hotter.} 11. Qe2 f5 12. Red1 Qe8 13. Rac1 c5) 11. e4 $146 ({Predecessor:} 11. cxd5 exd5 12. Rc1 Ne4 13. Ne2 h6 14. Bxe4 dxe4 15. Nd2 b5 {0-1 (40) Tran Nguyen Huyen,T (1825)-Vo,T (1843) Ho Chi Minh City 2014}) 11... dxe4 12. Nxe4 Nxe4 13. Bxe4 Bxe4 14. Rxe4 Nf6 15. Re3 c5 16. Rd3 {[#] Black must now prevent dxc5.} Qe7 17. Qe2 cxd4 18. Nxd4 ({Much weaker is} 18. Bxd4 e5 $17) 18... Qc7 19. g3 Rad8 20. Rad1 Be7 21. Kg2 h6 22. h3 Bf8 23. Qf3 Rc8 {[#] Threatens to win with ...e5.} 24. Nc2 Qc6 25. Qxc6 Rxc6 26. Be5 Be7 27. Ne3 Kf8 28. Kf3 b5 29. Bd6 bxc4 30. bxc4 Rec8 31. h4 h5 32. Be5 g6 33. Rb1 Ne8 34. Rb7 {Threatening Rdd7.} Nd6 35. Bxd6 Rxd6 36. Rxd6 Bxd6 $11 {[%mdl 4096] Endgame KRB-KRN} 37. Rb6 Bc5 38. Rxa6 Bxe3 39. Kxe3 {aiming for Kd3.} Rxc4 {KR-KR} 40. Ra8+ Ke7 41. a4 {[%cal Ba2a4,Ba4a5,Ba5a6,Ba6a7][%mdl 32]} Kf6 42. a5 Ra4 43. a6 Ke5 44. a7 Ra3+ 45. Kd2 (45. Ke2 $11) 45... Kf6 ({Black should play} 45... Ke4 $17 {...Kf3 is the strong threat.} 46. Kc1 Kf3) 46. Kc2 Kg7 47. Kb2 Ra6 48. Kc3 Ra2 49. Kd4 Kf6 50. Kc5 Rc2+ 51. Kd6 Rd2+ 52. Kc6 Ra2 53. Kd7 {White wants to play Kd8.} Kg7 54. Ke7 Ra3 55. f3 Ra2 56. Kd6 Rd2+ 57. Ke5 Rd5+ 58. Ke4 Ra5 59. g4 ({Better is} 59. Kd4 $14) 59... hxg4 {The position is equal.} 60. fxg4 f5+ 61. gxf5 exf5+ 62. Kf3 Ra4 63. Kg3 Kh7 64. Kf3 Kg7 65. Kg3 {Accuracy: White = 50%, Black = 58%.} 1/2-1/2

[Event "52nd Biel Festival Blitz 2019"]
[Site "Biel"]
[Date "2019.07.27"]
[Round "1.3"]
[White "Georgiadis, Nico"]
[Black "Vidit, Santosh Gujrathi"]
[Result "0-1"]
[WhiteElo "2514"]
[BlackElo "2703"]
[Annotator "TA"]
[PlyCount "120"]
[EventDate "2019.07.27"]
[EventType "tourn"]
[EventCountry "SUI"]
[SourceTitle "playchess.com"]
[Source "ChessBase"]
[SourceQuality "1"]

{[%evp 9,120,7,20,-12,-9,-8,0,0,0,-3,0,-33,-35,-27,-29,-73,-78,-82,-77,-101,-94,-90,-84,-94,-95,-86,-55,-91,-62,-96,-95,-121,-73,-77,-53,-67,-71,-69,-60,-66,-73,-72,-57,-56,-58,-54,-56,-56,-57,-56,-46,-56,-47,-47,-50,-129,-47,-191,-195,-247,-253,-239,-202,-262,-263,-251,-246,-319,-256,-337,-320,-430,-402,-501,-501,-472,-467,-517,-544,-1013,-1013,-973,-99,-99,-99,-97,0,0,0,-93,0,0,0,-5081,-2687,-12849,-5565,-29994,-1708,-29967,-29968,-5617,-618,-29994,-764,-29994,-29995,-29995,-29993,-29995,-29995,-29998,-29999]} 1. d4 Nf6 2. Bf4 d5 3. e3 e6 4. Nf3 Bd6 5. Bg3 c5 6. c3 {D02: 1 d4 d5 2 Nf3 sidelines, including 2...Nf6 3 g3 and 2...Nf6 3 Bf4} Qc7 (6... Nc6 7. Nbd2 O-O 8. Bb5 cxd4 9. exd4 Ne7 10. Bd3 Ng6 11. O-O Bxg3 12. fxg3 b5 13. Qe2 Qb6 14. Ng5 b4 15. Ndf3 h6 {½-½ (34) Naroditsky,D (2616)-Mamedyarov,S (2817) chess.com INT 2019}) 7. Nbd2 Nbd7 {[%cal Bb8d7,Bd7c5,Bc5d3][%mdl 32]} 8. Bxd6 {The position is equal.} Qxd6 9. dxc5 Nxc5 $146 ({Predecessor:} 9... Qxc5 10. c4 dxc4 11. Bxc4 b5 12. Be2 Bb7 13. O-O O-O 14. Nb3 Qb6 {½-½ (24) Kukov,V (2382)-Inkiov,V (2432) Charleroi 2018}) 10. Nc4 Qc7 11. Nce5 O-O 12. Bd3 Nxd3+ 13. Qxd3 Ne4 14. Qc2 f6 15. Nd3 e5 16. O-O Be6 17. Rfd1 Rfd8 18. Rac1 Rac8 19. h3 Nd6 20. Nb4 Nc4 21. b3 Nb6 22. e4 dxe4 23. Rxd8+ Rxd8 24. Qxe4 a5 25. Nd3 Bd5 26. Qe3 $1 e4 27. c4 Bc6 $1 $36 {[%mdl 2048] Black fights for an advantage.} 28. Nd4 $1 {[%cal Rd4e6]} Rxd4 29. Qxd4 {Threatens to win with Nc5.} exd3 30. Qxd3 Nd7 31. Rd1 Qe5 32. a3 (32. Qd4 $15) 32... Qe7 (32... Nc5 $17 33. Qd8+ Kf7 34. Qxa5 Qg5 $1 {[%mdl 512]} 35. Qc7+ Kg6 $1 {[%mdl 512]}) 33. Qc3 (33. Qd6 $15 Qe8 34. Qd4) 33... Qxa3 $19 34. Ra1 (34. Qe3 {is a better defense.}) 34... Qb4 $1 {[%cal Rb4c3]} 35. Qe3 h6 36. Rd1 {intending Qe6+.} Ne5 37. Rd8+ Kh7 38. f4 Nf7 39. Qd3+ g6 40. Ra8 Qc5+ 41. Kh2 {[#]} Qf2 $1 {[%csl Gc6][%cal Rf2g2]} 42. Qg3 Qd2 43. f5 {[%csl Gf5][%cal Rg3g6]} g5 44. h4 Ne5 {And now ...Be4 would win.} 45. hxg5 Nf3+ $2 (45... Be4 $19 {is more deadly. ( -> ...Nf3+)} 46. Rxa5 Nf3+ {[%mdl 64] Double Attack, Zwischenzug} 47. Kh3 Nxg5+ 48. Kh2 Qxa5) 46. Kh3 $17 Nxg5+ 47. Kh2 Nf3+ 48. Kh3 {[%csl Ga8][%cal Rg3g8]} Ng5+ 49. Kh2 h5 ({Black should try} 49... Kg7 $17 50. Qc7+ Nf7 51. Qg3+ Qg5 52. Qxg5+ hxg5 53. Rxa5 Ne5) 50. Qc7+ $1 $11 Bd7 {...Nf3+ is the strong threat.} 51. Rd8 $2 {[%mdl 8192]} (51. Qb8 $11 Nf3+ 52. Kg3 h4+ 53. Kxf3 Bc6+ 54. Kg4 Qxg2+ 55. Kxh4 Qg5+ 56. Kh3 Qxf5+ 57. Kh4 Qg5+ 58. Kh3 Qh6+ 59. Kg3 Qe3+ 60. Kh4 Qg5+ 61. Kh3 Qg2+ 62. Kh4 Qg5+) 51... Nf3+ $1 $19 52. Kg3 Ne5 53. Qb6 {[#]} Qg5+ (53... h4+ $142 $1 54. Kxh4 Qf4+ {[%mdl 64] Double Attack} 55. Kh3 Bxf5+ 56. g4 Qxg4+ 57. Kh2 Nf3+ 58. Kh1 Qh3#) 54. Kf2 Qxf5+ 55. Kg1 h4 (55... Ng4 $142 56. Kh1 {[#]} Bc6 $1 {[%mdl 512]} 57. Qc7+ Kh6 58. Rh8+ Kg5 59. Rg8+ Kh4 60. Rxg4+ {[%mdl 64] Remove Defender} Qxg4 61. Qh2+ Kg5) 56. Qxb7 Kg7 (56... Qb1+ $142 57. Kf2 Ng4+ 58. Ke2 Qc2+ 59. Ke1 Qf2+ 60. Kd1 Ne3+ {[%mdl 64] Double Attack} 61. Kc1 Qc2#) 57. Qa8 Qb1+ {[%mdl 64] Double Attack. Black mates.} 58. Kf2 Qb2+ 59. Kg1 Qd4+ 60. Kf1 Qd1+ {[%mdl 64] Double Attack. Accuracy: White = 34%, Black = 59%.} 0-1

[Event "52nd Biel Festival Blitz 2019"]
[Site "Biel"]
[Date "2019.07.27"]
[Round "2.1"]
[White "Shankland, Sam"]
[Black "Maghsoodloo, Parham"]
[Result "1/2-1/2"]
[WhiteElo "2713"]
[BlackElo "2656"]
[Annotator "TA"]
[PlyCount "123"]
[EventDate "2019.07.27"]
[EventType "tourn"]
[EventCountry "SUI"]
[SourceTitle "playchess.com"]
[Source "ChessBase"]
[SourceQuality "1"]

{[%evp 10,123,39,55,51,60,51,47,60,31,61,0,0,0,81,-12,-25,-29,-25,-22,44,-22,-1,0,8,18,12,-4,25,24,22,0,0,0,24,13,57,64,72,75,74,73,63,63,94,62,66,70,76,-85,-41,-125,-125,-125,-88,-125,-129,-235,0,0,0,-75,-76,-636,-102,-107,-8,-57,-7,-8,-8,-8,-8,-8,-8,-8,-8,-88,-7,-8,-8,-8,0,0,0,0,0,0,0,0,0,0,0,0,0,0,0,0,0,0,0,0,0,0,0,-8,-8,-8,-8,-8,-8,-8,-8,-8,-8,-8]} 1. e4 d5 2. exd5 Qxd5 3. Nc3 Qd8 4. d4 g6 5. Bc4 Bg7 6. Nf3 Nf6 {B01: Scandinavian Defence} 7. O-O O-O 8. Re1 (8. h3 a6 9. a4 Nc6 10. Re1 b6 11. b3 e6 12. Be3 Bb7 13. Qe2 {1-0 (68) Kovalev,V (2687)-Maghsoodloo,P (2679) Wijk aan Zee 2019}) 8... a6 {White is slightly better.} 9. a4 Nc6 $146 ({Predecessor:} 9... Bg4 10. Be3 Nc6 11. d5 Ne5 12. Be2 Nxf3+ 13. Bxf3 Bxf3 14. Qxf3 {1-0 (44) Pulpan,J (2390)-Koper,S (1932) Ricany 2017}) 10. d5 (10. h3 $14) 10... Nb4 $11 11. Bg5 h6 (11... Bg4 $11 {keeps the balance.}) 12. Bh4 ({Better is} 12. Bxf6 $1 $16 exf6 13. Ne2) 12... c6 13. dxc6 Nxc6 14. Qe2 Qb6 ({Black should play} 14... Bf5 $11) 15. Bb3 (15. Bxf6 $14 Bxf6 16. Nd5) 15... Bg4 16. Bxf6 $1 exf6 17. Nd5 Qc5 18. Rad1 f5 19. c3 $36 {[%mdl 2048] White has some pressure.} Ne5 20. Qe3 (20. h3 {keeps more tension.} Bxf3 21. gxf3 Kh8 22. f4 Nd7 23. Qc4) 20... Qxe3 21. Rxe3 Bxf3 22. gxf3 b5 23. axb5 axb5 24. f4 Nc4 25. Bxc4 $1 bxc4 26. Nb6 Rab8 27. Nxc4 Rfc8 28. Nd6 Rd8 29. c4 $2 (29. b4 $16 {is forced if you want to stay better.}) 29... Rxb2 30. c5 ({White should try} 30. Re8+ $15 Rxe8 31. Nxe8) 30... Rc2 $17 31. Rd5 Bf8 32. Rb3 Ra8 33. Rb7 {[#]} (33. Kg2 $17) 33... Raa2 $2 (33... Ra1+ $1 $19 34. Kg2 Raa2) 34. Nxf7 $11 {Rd8! is the strong threat.} Rxf2 {[%mdl 64] [#] Double Attack} 35. Nxh6+ (35. Rd8 $1 $11 {[%mdl 512] remains equal.} Rg2+ 36. Kh1 Rxh2+ 37. Kg1) 35... Bxh6 $17 36. Rd8+ Bf8 37. Rbb8 Rg2+ (37... Rxf4 $17 38. Rxf8+ Kg7 39. Rg8+ Kh6) 38. Kf1 Rxh2 {[%cal Rh2h1]} 39. Rxf8+ $15 {[%mdl 4096] Endgame KRR-KRR} Kg7 {[%cal Rh2h1]} 40. Rg8+ Kf7 {[%cal Rh2h1]} 41. Rgf8+ Ke6 {[%cal Rh2h1]} 42. Kg1 Rhg2+ 43. Kf1 (43. Kh1 $11) 43... Rgc2 (43... Raf2+ $17 44. Ke1 Rxf4 45. Rfe8+ Kf7) 44. Rfe8+ {The position is equal.} Kd5 45. Rbd8+ Kc4 46. c6 Kb5 47. Rb8+ Kxc6 48. Rbc8+ Kd5 49. Rcd8+ Kc6 50. Rc8+ Kd7 51. Rcd8+ Kc7 52. Rc8+ Kd6 53. Rcd8+ Kc5 54. Rc8+ Kd4 {( -> ...Ra1+)} 55. Rcd8+ Kc3 {White must now prevent ...Rf2+.} 56. Rc8+ Kd2 {Strongly threatening ...Rxc8.} 57. Rxc2+ (57. Re2+ {looks sharper.} Kd3 58. Rd8+ Kc4 59. Rc8+ Kb3 60. Rb8+) 57... Rxc2 58. Re6 Kd3 59. Rxg6 Ke3 60. Rg3+ Kxf4 61. Ra3 Kg4 62. Rb3 {Accuracy: White = 53%, Black = 48%.} 1/2-1/2

[Event "52nd Biel Festival Blitz 2019"]
[Site "Biel"]
[Date "2019.07.27"]
[Round "2.2"]
[White "Vidit, Santosh Gujrathi"]
[Black "Abdusattorov, Nodirbek"]
[Result "1/2-1/2"]
[WhiteElo "2703"]
[BlackElo "2598"]
[Annotator "TA"]
[PlyCount "116"]
[EventDate "2019.07.27"]
[EventType "tourn"]
[EventCountry "SUI"]
[SourceTitle "playchess.com"]
[Source "ChessBase"]
[SourceQuality "1"]

{[%evp 23,116,24,35,27,38,10,18,10,15,0,0,0,0,0,0,0,0,-6,-2,-24,-7,0,32,24,106,107,104,102,425,191,162,0,0,0,0,-29,-35,-124,-113,-189,-101,-101,-22,-351,-347,-344,-314,-434,-220,-220,-210,-219,-203,-212,-165,-381,-337,-334,-334,-334,-281,-289,-284,-284,-284,-276,-273,-195,-180,-169,-127,-127,-127,-259,-127,-127,-88,-88,-88,-169,-169,-169,-8,-8,-8,-8,-8,-8,-8,-497,-497,-497,-8,-8,-8]} 1. Nf3 Nf6 2. c4 c5 3. Nc3 d5 4. cxd5 Nxd5 5. d4 Nxc3 6. bxc3 e6 7. e4 cxd4 8. cxd4 Bb4+ 9. Bd2 Bxd2+ 10. Qxd2 O-O 11. Bc4 Nd7 {[%cal Bb8d7,Bd7f6,Bf6e4][%mdl 32]} 12. O-O Nf6 13. Rfe1 {D41: Queen's Gambit Declined: Semi-Tarrasch with 5 cxd5} (13. e5 Nd5 14. Ng5 Bd7 15. f4 h6 16. Ne4 Bc6 17. Nd6 Nb6 18. Rac1 Qd7 19. f5 Nxc4 20. Rxc4 f6 21. fxe6 Qxe6 {½-½ (32) Anton Guijarro,D (2647)-Repka,C (2524) Batumi 2018}) 13... b6 14. Rad1 Bb7 15. Bd3 Rc8 16. d5 exd5 17. e5 $1 {[%cal Re5f6]} Ne4 18. Qf4 $1 $36 {[%cal Rd3e4][%mdl 2048] [#] White has the initiative.} Qe7 $146 ({Predecessor:} 18... Nc5 19. Bf5 Ne6 20. Qg4 Rc6 21. Qh3 g6 22. Bxe6 Rxe6 23. Nd4 {½-½ (23) Saldano Dayer,H (2345)-Magem Badals,J (2535) Linares 1998}) 19. Nd4 {[%cal Rd3e4]} g6 20. h4 Rfe8 21. f3 Nc5 $1 22. Qg3 Nxd3 23. Rxd3 Rc4 (23... Ba6 $11 24. Rdd1 Qc5) 24. Nf5 $1 $16 {[%cal Rf5e7]} Qc5+ 25. Kh2 Rc3 $2 {[%mdl 8192] [#]} (25... Re6 $16 {is more resistant.}) 26. Rxc3 (26. e6 $142 $1 {[%mdl 512]} f6 (26... Rxe6 27. Rxe6) 27. Rxc3 Qxc3 28. h5) 26... Qxc3 $18 27. Re3 $2 (27. Nd6 $18 Re7 28. Qg5 $1 {[%mdl 512]}) 27... Qc5 $1 $11 28. Nh6+ Kg7 $1 {[%cal Rg7h6]} ({Much worse is} 28... Kh8 $6 29. Qf4 $16) 29. Qf4 Qe7 30. Kg3 (30. e6 $1 $15 fxe6 31. Ng4) 30... Bc8 31. Rc3 (31. Ng4 $17 Bxg4 32. Qxg4) 31... Be6 ({Much less strong is} 31... Qxe5 32. Qxe5+ Rxe5 33. Nxf7 $17) (31... d4 $19 32. Rc6 d3) 32. Rc6 $17 Rd8 (32... b5 $17) 33. Rd6 $2 {[%mdl 8192]} (33. Ng4 $1 $11 Bxg4 34. fxg4) 33... Rxd6 $1 $19 34. exd6 Qf6 35. Qxf6+ Kxf6 {[%mdl 4096] Endgame KB-KN} 36. Kf4 Bd7 37. Ke3 Ke6 38. Kd4 f5 39. g4 $2 (39. Ng8 {was necessary.}) 39... fxg4 40. Nxg4 Kxd6 41. Nf6 h6 42. Nxd5 Bc6 43. Nf4 Bxf3 44. Nxg6 a5 45. Ne5 Bd5 46. a3 h5 47. Nd3 Bf7 48. Ne5 (48. Nf4 $17) 48... Be6 (48... Ke7 $1 $19 49. Nc6+ Ke6) 49. Nd3 $17 b5 50. Nf4 Bf7 51. Nd3 {[#]} (51. Nh3 $17) 51... Ke6 $1 $19 52. Kc5 {[#]} Be8 $2 (52... a4 $1 $19 {...Kf5 is the strong threat.} 53. Kxb5 Be8+ 54. Kb4 Kf5) 53. Nf4+ $1 $11 Ke5 {[#]} 54. Nxh5 $1 {[%mdl 512]} b4 (54... Bxh5 55. Kxb5) 55. axb4 a4 {Threatens to win with ...a3.} 56. Kc4 $2 {[%mdl 8192]} (56. b5 $1 $11 {and White has nothing to worry.} Bxb5 57. Kb4) 56... Bxh5 $19 57. Kc3 a3 $2 (57... Be2 $19 58. Kb2 Bh5) 58. Kb3 $11 Kd5 {Accuracy: White = 37%, Black = 48%.} 1/2-1/2

[Event "52nd Biel Festival Blitz 2019"]
[Site "Biel"]
[Date "2019.07.27"]
[Round "2.4"]
[White "Bogner, Sebastian"]
[Black "Cori, Jorge"]
[Result "0-1"]
[WhiteElo "2584"]
[BlackElo "2686"]
[Annotator "TA"]
[PlyCount "60"]
[EventDate "2019.07.27"]
[EventType "tourn"]
[EventCountry "SUI"]
[SourceTitle "playchess.com"]
[Source "ChessBase"]
[SourceQuality "1"]

{[%evp 12,64,45,22,28,30,33,29,27,33,27,33,41,36,35,38,47,43,51,45,80,44,62,56,51,60,66,56,58,35,31,33,53,20,79,0,0,-132,-131,-300,-303,-305,-302,-302,-288,-320,-300,-542,-525,-581,-104,-601,-585,-727,-672]} 1. e4 e6 2. d4 d5 3. Nd2 dxe4 4. Nxe4 Nd7 5. Nf3 Ngf6 6. Nxf6+ Nxf6 7. Be3 Bd6 {C10: French with 3 Nc3: Unusual Black 3rd moves and 3...dxe4} 8. Bd3 b6 (8... O-O 9. Qe2 b6 10. O-O-O Bb7 11. Kb1 c5 12. Bg5 h6 13. Bh4 Rc8 14. Rhe1 Bxf3 15. Qxf3 {0-1 (36) Anand,V (2774)-Meier,G (2628) Karlsruhe/Baden Baden 2019}) 9. Qe2 Bb7 {White has an edge.} 10. O-O-O Nd5 11. Bd2 $146 ({Predecessor:} 11. c4 Nxe3 12. fxe3 Qe7 13. Kb1 c5 14. Qc2 cxd4 15. exd4 {0-1 (48) Guliyev,N (2560)-Jackelen,T (2437) Germany 2008}) 11... Nf4 12. Bxf4 $1 Bxf4+ 13. Kb1 Qe7 14. Be4 c6 15. Ne5 {Hoping for Qf3.} Rc8 16. Qf3 Bxe5 $1 17. dxe5 O-O 18. Rd6 f5 19. Bd3 $1 ({But not} 19. Bxc6 $2 Qc7 $19) 19... c5 20. Qg3 c4 21. Be2 f4 22. Qh3 Rc5 {[#]} (22... f3 $11 23. gxf3 (23. Bxf3 Bxf3 24. gxf3 Rf5 $14) 23... Bd5) 23. Rxe6 (23. Rhd1 $1 $16 {aiming for Rd7.} Bd5 24. Bg4) 23... Qg5 $36 {[%mdl 2048] Black is more active.} 24. Bf3 {[#]} (24. Qh5 $11 {keeps the balance.} Qxh5 25. Bxh5) 24... Bc8 $1 $17 25. Bg4 $2 (25. Re1 $17 {was necessary.}) 25... Bxe6 $19 26. Bxe6+ Kh8 27. Rd1 Qxe5 28. a4 c3 29. b3 $2 (29. b4 Rc7 30. Ka2) 29... b5 30. axb5 {Now Bc4 and White clings on.} Qe4 {Played: f4-f3} 0-1

[Event "52nd Biel Festival Blitz 2019"]
[Site "Biel"]
[Date "2019.07.27"]
[Round "3.1"]
[White "Cori, Jorge"]
[Black "Shankland, Sam"]
[Result "0-1"]
[WhiteElo "2686"]
[BlackElo "2713"]
[Annotator "TA"]
[PlyCount "82"]
[EventDate "2019.07.27"]
[EventType "tourn"]
[EventCountry "SUI"]
[SourceTitle "playchess.com"]
[Source "ChessBase"]
[SourceQuality "1"]

{[%evp 10,82,34,22,37,0,19,7,12,10,22,20,17,16,13,12,59,44,58,58,60,33,41,7,10,9,4,22,0,0,37,37,37,35,38,38,38,38,50,31,135,142,402,376,448,422,450,437,414,405,385,349,320,348,340,318,330,42,68,91,125,-651,-626,-687,-693,-683,-683,-1006,-650,-650,-589,-1498,-830,-1212,-926]} 1. d4 d5 2. Nf3 Nf6 3. c4 c6 4. e3 Bf5 5. Nc3 e6 6. Nh4 Be4 {D12: Slav Defence: 3 Nf3 Nf6 4 e3 Bf5} 7. Qb3 {f3 is the strong threat.} (7. f3 Bg6 8. Qb3 Qb6 9. Nxg6 hxg6 10. Bd2 Nbd7 11. g3 Be7 12. Kf2 g5 13. Kg2 Rd8 14. Qxb6 axb6 15. a4 O-O 16. cxd5 exd5 17. Bd3 g4 {1-0 (54) Ding,L (2812)-Mamedov,R (2701) Astana 2019}) 7... Qc7 8. Bd2 Be7 {The position is equal.} 9. Rc1 O-O $146 ({Predecessor:} 9... Qb6 10. f3 Bg6 11. Be2 dxc4 12. Qxb6 axb6 13. Bxc4 Bh5 14. f4 {0-1 (43) Marzo Pie,X (2206)-Cuartas,J (2508) Barcelona 2018}) 10. cxd5 Bxd5 11. Nxd5 exd5 12. Nf5 Re8 13. Nxe7+ Qxe7 14. Bd3 Ne4 15. Bb4 Qg5 16. Bxe4 Rxe4 17. Bd6 {Hoping for h4.} Nd7 18. O-O ({Reject} 18. Qxb7 Rxe3+ 19. Kf1 (19. fxe3 Qxe3+ {[%mdl 64] Double Attack} 20. Kf1 Qxc1+ 21. Kf2 Qd2+ 22. Kf3 Qd3+ 23. Kf2 Qxd4+ 24. Kf1 Qd1+ 25. Kf2 Qd2+ 26. Kf3 Qd3+ 27. Kf2 Qd2+ 28. Kf3 Qd3+ 29. Kf2 Qd2+) 19... Ree8 $15) 18... Nb6 19. Bc7 Qe7 (19... Rg4 {feels hotter.} 20. Bxb6 Rxg2+ 21. Kh1 axb6 22. Qxb6 Qh5) 20. Bxb6 axb6 21. Qxb6 Rxa2 22. Ra1 $36 {[%mdl 2048] White has some pressure.} Rxa1 23. Rxa1 $14 {[%mdl 4096] Endgame KQR-KQR} g6 24. g3 h5 (24... Qd7 $14) 25. Ra7 $16 Rxe3 $2 {[%mdl 8192]} (25... h4 $16 26. Qxb7 (26. Rxb7 Qf6 $16) 26... Qxb7 27. Rxb7 hxg3) 26. fxe3 $18 Qxe3+ 27. Kf1 Qf3+ {[#]} 28. Ke1 $1 Qh1+ 29. Kd2 Qxh2+ 30. Kc3 Qxg3+ 31. Kb4 Qe1+ 32. Ka3 h4 33. Qd8+ $2 ({Not} 33. Rxb7 Kg7 $16) (33. Qxb7 $18 Qe6 34. Kb4) 33... Kg7 $1 $14 {[#] Threatens to win with ...Qa1+.} 34. Ra8 {[%csl Ga8][%cal Rd8h8]} Kh6 35. Qf6 $2 {[%mdl 8192]} (35. Ka2 $16 Qf2 36. Qe7 Qxd4 37. Qxf7) 35... Qa1+ $19 {Black is clearly winning.} 36. Kb4 {[%cal Ra8h8]} Qxa8 37. Qxh4+ Kg7 38. Kc5 Qa5+ 39. Kd6 Qb4+ 40. Kd7 Qxb2 41. Qf4 Qe2 {Accuracy: White = 50%, Black = 44%.} 0-1

[Event "52nd Biel Festival Blitz 2019"]
[Site "Biel"]
[Date "2019.07.27"]
[Round "3.2"]
[White "Georgiadis, Nico"]
[Black "Bogner, Sebastian"]
[Result "0-1"]
[WhiteElo "2514"]
[BlackElo "2584"]
[Annotator "TA"]
[PlyCount "60"]
[EventDate "2019.07.27"]
[EventType "tourn"]
[EventCountry "SUI"]
[SourceTitle "playchess.com"]
[Source "ChessBase"]
[SourceQuality "1"]

{[%evp 15,60,28,67,66,70,46,62,44,40,49,47,29,84,29,31,0,7,0,43,-50,-47,-49,-50,-214,-210,-258,-250,-342,-345,-336,-344,-339,-324,-327,-276,-293,-255,-301,-223,-303,-316,-336,-345,-333,-322,-702,-698]} 1. Nf3 Nf6 2. b3 g6 3. Bb2 Bg7 4. g3 O-O 5. Bg2 c5 6. c4 Nc6 7. O-O d6 8. d4 Bf5 9. d5 {E60: King's Indian: Unusual lines and Fianchetto Variation without Nc3} Na5 10. Nbd2 a6 11. Nh4 {White is slightly better.} (11. Re1 e5 12. e4 Bd7 13. Bc3 b5 14. Qc2 Qc7 15. Rab1 Nb7 16. Re2 Qc8 {1-0 (55) Hakobyan,A (2545)-Jumabayev,R (2602) St Petersburg 2018}) 11... Bd7 12. Qc2 b5 13. e4 Rb8 (13... e5 $11 {keeps the balance.}) 14. Rab1 $146 (14. e5 $16 Ne8 15. f4) ({Predecessor:} 14. e5 Ng4 15. exd6 exd6 16. Bxg7 Kxg7 {1-0 (35) Daneshvar,B (2355)-Rostami,R (2174) Bandar e Anzali 2018}) 14... e5 15. a3 Qc7 16. Bc3 b4 17. axb4 (17. Bb2 $14) 17... cxb4 $15 18. Bb2 Nb7 19. f4 $2 {[#]} (19. Nhf3 $15) 19... Ng4 $19 20. fxe5 dxe5 21. Qd3 Qc5+ 22. Kh1 Nf2+ 23. Rxf2 Qxf2 24. Rf1 Qb6 25. Nhf3 Nc5 26. Qc2 Qd6 27. Re1 a5 28. Nf1 a4 29. bxa4 Nxa4 ({Don't take} 29... Bxa4 30. Qd2) 30. Ba1 $2 {[#]} (30. N1d2) 30... b3 {Accuracy: White = 18%, Black = 61%.} 0-1